000
00364nam a2200169Ia 4500
003
0100
008
130307s9999 xx 000 0 und d
040
_c
ARRUPELIB
050
_a
JC251.O8
100
_a
Osgniach, Augustine John
245
4
_a
The Christian state
260
_a
Milwaukee WI
260
_b
Bruce
260
_c
1943
300
_a
356p
942
0
0
_0
8
999
_c
83714
_d
83714